Basic development in fluid dynamics
Wedi'i Gadw mewn:
| Prif Awdur: | |
|---|---|
| Fformat: | Llyfr |
| Iaith: | Undetermined |
| Cyhoeddwyd: |
New York
Academic
1965
|
| Pynciau: | |
| Tagiau: |
Ychwanegu Tag
Dim Tagiau, Byddwch y cyntaf i dagio'r cofnod hwn!
|
| Thư viện lưu trữ: | Trung tâm Học liệu Trường Đại học Cần Thơ |
|---|
| LEADER | 00471nam a2200181Ia 4500 | ||
|---|---|---|---|
| 001 | CTU_2284 | ||
| 008 | 210402s9999 xx 000 0 und d | ||
| 082 | |a 532.05 | ||
| 082 | |b H758/T1 | ||
| 100 | |a Maurice Holt | ||
| 245 | 0 | |a Basic development in fluid dynamics | |
| 245 | 0 | |c Maurice Holt | |
| 260 | |a New York | ||
| 260 | |b Academic | ||
| 260 | |c 1965 | ||
| 650 | |a fluid dynamics | ||
| 904 | |i Minh, 960823 | ||
| 980 | |a Trung tâm Học liệu Trường Đại học Cần Thơ | ||